000 00518nam a2200181Ia 4500
999 _c8909
_d8909
003 OSt
005 20201008103126.0
008 190216s9999||||xx |||||||||||||| ||und||
020 _a8126500158
040 _coclc
082 _a005.369
_bUND/T
100 _aUnderdahl, Brian
_95437
245 0 _aTeach Yourself Microsoft Office 2000 /
_cBrian Underdahl
260 _bI D G Books,
_aNew Delhi:
_c2001.
300 _a455p
650 _aComputer
942 _cBK
_2ddc
_h005.369
_iUND/T
_k005.369
_mUND/T